Options, Futures, and Other Derivatives, (Record no. 6292)
[ view plain ]
| 005 - DATE AND TIME OF LATEST TRANSACTION | |
|---|---|
| control field | 20250629113459.0 |
| 020 ## - INTERNATIONAL STANDARD BOOK NUMBER | |
| International Standard Book Number | 0-13-149908-4 |
| 082 ## - DEWEY DECIMAL CLASSIFICATION NUMBER | |
| Classification number | 332.645 HUL |
| 100 ## - MAIN ENTRY--PERSONAL NAME | |
| Author name | HULL, J.C. |
| 245 ## - TITLE STATEMENT | |
| Title | Options, Futures, and Other Derivatives, |
| 250 ## - EDITION STATEMENT | |
| Edition statement | 6th Ed. |
| 260 ## - PUBLICATION, DISTRIBUTION, ETC. | |
| Place of publication, distribution, etc. | New York, |
| Name of publisher, distributor, etc. | Prentice Hall, |
| Date of publication, distribution, etc. | 2005. |
| 300 ## - PHYSICAL DESCRIPTION | |
| Extent | xix;789p: ill;Figure, |
| Other physical details | Index, |
| Dimensions | 25cm. |
| 942 ## - ADDED ENTRY ELEMENTS (KOHA) | |
| Source of classification or shelving scheme | Dewey Decimal Classification |
| Koha item type | Books |
| Date last seen | Total checkouts | Full call number | Barcode | Cost, replacement price | Price effective from | Koha item type | Lost status | Source of classification or shelving scheme | Damaged status | Not for loan | Withdrawn status | Home library | Current library | Shelving location | Date acquired | Cost, normal purchase price |
|---|---|---|---|---|---|---|---|---|---|---|---|---|---|---|---|---|
| 06/29/2025 | 332.645 HUL | DOM0004313 | 150000.00 | 06/29/2025 | Books | Dewey Decimal Classification | CBE Dodoma | CBE Dodoma | General Collection | 11/28/2014 | 50000.00 | |||||
| 06/29/2025 | 332.645 HUL | DOM0004314 | 150000.00 | 06/29/2025 | Books | Dewey Decimal Classification | CBE Dodoma | CBE Dodoma | General Collection | 11/28/2014 | 50000.00 | |||||
| 06/29/2025 | 332.645 HUL | DOM0004286 | 150000.00 | 06/29/2025 | Books | Dewey Decimal Classification | CBE Dodoma | CBE Dodoma | General Collection | 06/03/2009 | 50000.00 |
